| 000 | 00698nam a2200229 i 4500 | ||
|---|---|---|---|
| 001 | 36585 | ||
| 003 | ES-MaACL | ||
| 005 | 20230906155411.0 | ||
| 007 | t| | ||
| 008 | 030218s1986 fr ||||1| fre d | ||
| 020 | _a2-7003-0411-X (V. I) | ||
| 100 | 1 |
_aBraudel, Fernand. _931403 |
|
| 245 | 1 | 2 |
_aL'identité de la France / _cFernand Braudel. |
| 260 |
_aParís : _bArtaud-Flammarion, _c[1986] |
||
| 300 |
_a3 v. : _bil. ; _c24 cm. |
||
| 500 | _aIndices. | ||
| 504 | _aBibliografía. | ||
| 505 | 8 | _aContiene: V. I: Espace et histoire. -- V. II-III: Les hommes et les choses | |
| 740 | 0 | _aEspace et histoire. | |
| 740 | 4 | _aLes hommes et les choses. | |
| 852 |
_aES-MaACL _jL-11646-8 _bR.113668 |
||
| 999 |
_c36585 _d36585 |
||